000 00554nam a2200169 4500
001 120972
003 ES-MaACL
005 20230906191647.0
007 t|
008 070214s1959 sp r ||||1| spa d
100 1 _aPreciado, Tomás.
_993734
245 1 0 _aDios en la tierra
_b: (1957 - 1959) /
_cTomás Preciado ; dibujos del Rvdo. Félix Ibarguchi.
260 _aAlbacete :
_b[s. n.],
_c1959 (
_fTip. Antonio González)
300 _a118 p., 6 lám. :
_bil. ;
_c21 cm.
700 1 _aIbarguchi, Félix.
_964949
852 _aES-MaACL
_jC-18431
_bR.44460
999 _c120972
_d120972